[Event "St Petersburg Korchnoi Memorial op"]
[Site "St Petersburg"]
[Date "2018.08.22"]
[Round "8"]
[White "Smolkov, Petr"]
[Black "Benkirane, Amine"]
[Result "1/2-1/2"]
[WhiteElo "1342"]
[BlackElo "1709"]
[PlyCount "121"]
[EventDate "2018.08.15"]
[EventType "swiss"]
[EventRounds "9"]
[EventCountry "RUS"]
[SourceTitle "CBM 186 Extra"]
[Source "ChessBase"]
[SourceDate "2018.08.24"]
[SourceVersion "1"]
[SourceVersionDate "2018.08.24"]
[SourceQuality "1"]

1. c4 Nf6 2. g3 d5 3. cxd5 Nxd5 4. Bg2 e6 5. Nc3 Be7 6. d3 0-0 7. e3 b6 8. Nge2 Bb7 9. 0-0 Nxc3 10. bxc3 Bxg2 11. Kxg2 c5 12. d4 Nc6 13. Ba3 Qd5+ 14. Kg1 cxd4 15. c4 Qxc4 16. Bxe7 Nxe7 17. Nxd4 Rfd8 18. Qf3 Qd5 19. Qe2 Rd7 20. Rfd1 Rad8 21. e4 Qc5 22. Nb3 Rxd1+ 23. Rxd1 Rxd1+ 24. Qxd1 Qc7 25. Qd4 Nc6 26. Qd3 g6 27. Kg2 Nb4 28. Qd2 a5 29. a3 Nc2 30. Nd4 Nxa3 31. Qb2 Qc5 32. Nb3 Qb4 33. Qe5 Qxb3 34. Qb8+ Kg7 35. Qe5+ Kf8 36. Qb8+ Ke7 37. Qc7+ Kf6 38. Qf4+ Kg7 39. Qe5+ Kf8 40. Qb8+ Ke7 41. Qc7+ Ke8 42. Qc8+ Ke7 43. Qc7+ Kf8 44. Qb8+ Kg7 45. Qe5+ Kf8 46. Qb8+ Ke7 47. Qc7+ Ke8 48. Qc8+ Ke7 49. Qc7+ Kf8 50. Qb8+ Kg7 51. Qe5+ Kg8 52. Qb8+ Kg7 53. Qe5+ Kh6 54. Qf4+ Kg7 55. Qe5+ Kf8 56. Qb8+ Ke7 57. Qc7+ Ke8 58. Qc8+ Ke7 59. Qc7+ Ke8 60. Qc8+ Ke7 61. Qc7+ 1/2-1/2